Welcome to the Holygrace Academy Library

Please use search bar below to get started

THE PIRATES OF THE CARRIBBEAN JACK SPARROW (Record no. 3367)

MARC details
000 -LEADER
fixed length control field 00650nam a22001457a 4500
020 ## - INTERNATIONAL STANDARD BOOK NUMBER
ISBN 1-40547-264-2
082 ## - DEWEY DECIMAL CLASSIFICATION NUMBER
Classification number 823
Item number KID/P
100 ## - MAIN ENTRY--AUTHOR NAME
Personal name KIDD, ROB
245 ## - TITLE STATEMENT
Title THE PIRATES OF THE CARRIBBEAN JACK SPARROW
Remainder of title THE SIREN SONG
260 ## - PUBLICATION, DISTRIBUTION, ETC. (IMPRINT)
Place of publication UNITED KINGDOM
Name of publisher PARRAGON
Year of publication 2006
300 ## - PHYSICAL DESCRIPTION
Number of Pages 122
520 ## - SUMMARY, ETC.
Summary, etc Plot. Captain Jack Sparrow and the rest of the crew of the Barnacle are in fast pursuit of the infamous pirate Left-Foot Louis, who has made off with the magical Sword of Cortés when they hear a faint, ghostly sound begins to emanate from the sea, captivating everyone aboard the ship except Jack.
650 ## - SUBJECT ADDED ENTRY--TOPICAL TERM
Topical Term NOVEL
Geographic subdivision UNITED KINGDOM
942 ## - ADDED ENTRY ELEMENTS (KOHA)
Koha item type Books
Holdings
Withdrawn status Lost status Collection code Home library Current library Shelving location Date acquired Source of acquisition Cost, normal purchase price Full call number Accession Number Koha item type
    Fiction Main Library Main Library SHELF-14G- ALPHABETICAL J,K,L --ENGLISH NOVELS & FICTIONS 18/10/2018 purchase 195.00 823 KID/P 10288 Books